Southville International School and Colleges
Your cart is empty.
  • Cart
  • Lists
    Public lists Eva Luna New books Lux_list list_1
    Your lists Log in to create your own lists
  • Log in to your account
  • Your cookies
  • Search history
Southville International School and Colleges
  • Advanced search
  • Recent comments
  • Most popular
  • Libraries

Log in to your account

Log in with GOOGLE


If you do not have an external account, but do have a local account, you can still log in:

  1. Home
  2. MARC view: The Odyssey of Homer/
Normal view MARC view ISBD view

The Odyssey of Homer/ (Record no. 8813)

[ view plain ]
MARC details
000 -LEADER
fixed length control field 01048cam a2200325 a 4500
001 - CONTROL NUMBER
control field 4520925
003 - CONTROL NUMBER IDENTIFIER
control field SISC
005 - DATE AND TIME OF LATEST TRANSACTION
control field 20190620125031.0
008 - FIXED-LENGTH DATA ELEMENTS--GENERAL INFORMATION
fixed length control field 990119r19991937nyu 000 0 eng
010 ## - LIBRARY OF CONGRESS CONTROL NUMBER
LC control number 99017203
020 ## - INTERNATIONAL STANDARD BOOK NUMBER
International Standard Book Number 0553213997
040 ## - CATALOGING SOURCE
Original cataloging agency DLC
Transcribing agency DLC
Modifying agency DLC
041 1# - LANGUAGE CODE
Language code of text/sound track or separate title eng
Language code of original and/or intermediate translations of text grc
050 00 - LIBRARY OF CONGRESS CALL NUMBER
Classification number PA 4025
Item number .M271 1990
100 0# - MAIN ENTRY--PERSONAL NAME
Personal name Homer.
9 (RLIN) 7846
240 10 - UNIFORM TITLE
Uniform title <a href="the Odyssey of Homer/">the Odyssey of Homer/</a>
Language of a work English
245 14 - TITLE STATEMENT
Title The Odyssey of Homer/
Statement of responsibility, etc Homer ; translated by W.H.D. Rouse.
260 ## - PUBLICATION, DISTRIBUTION, ETC. (IMPRINT)
Place of publication, distribution, etc New York :
Name of publisher, distributor, etc Signet Classic,
Date of publication, distribution, etc c1999.
300 ## - PHYSICAL DESCRIPTION
Extent 304 p. :
Dimensions 18 cm.
650 #0 - SUBJECT ADDED ENTRY--TOPICAL TERM
Topical term or geographic name as entry element Epic poetry, Greek
General subdivision Translations into English.
9 (RLIN) 7847
650 #0 - SUBJECT ADDED ENTRY--TOPICAL TERM
Topical term or geographic name as entry element Odysseus (Greek mythology)
General subdivision Poetry.
9 (RLIN) 7848
700 1# - ADDED ENTRY--PERSONAL NAME
Personal name Rouse, W. H. D.
Fuller form of name (William Henry Denham),
Dates associated with a name 1863-1950.
9 (RLIN) 7849
906 ## - LOCAL DATA ELEMENT F, LDF (RLIN)
a 7
b cbc
c orignew
d 1
e ocip
f 19
g y-gencatlg
942 ## - ADDED ENTRY ELEMENTS (KOHA)
Source of classification or shelving scheme Library of Congress Classification
Koha item type Books
Holdings
Withdrawn status Lost status Source of classification or shelving scheme Damaged status Home library Current library Shelving location Date acquired Total Checkouts Full call number Barcode Date last seen Date checked out Copy number Price effective from Koha item type Checked out Total Renewals
    Library of Congress Classification   Luxembourg Library Luxembourg Library High School Section 08/16/2013 2 PA 4025 .M271 1990 19230 10/18/2017 10/10/2017 1 08/16/2013 Books    
    Library of Congress Classification   Luxembourg Library Luxembourg Library High School Section 08/16/2013 2 PA 4025 .M271 1990 18822 10/04/2019 10/04/2019 2 08/16/2013 Books 10/11/2019  
    Library of Congress Classification   Luxembourg Library Luxembourg Library High School Section 08/16/2013 3 PA 4025 .M271 1990 17517 01/19/2018 10/10/2017 3 08/16/2013 Books   7
    Library of Congress Classification   Luxembourg Library Luxembourg Library High School Section 08/16/2013 1 PA 4025 .M271 1990 19229 10/11/2017 10/10/2017 4 08/16/2013 Books    

The Odyssey of Homer/

APA

Homer, Rouse W. H. D., . (1999). The Odyssey of Homer. New York: Signet Classic.

Chicago

Homer, Rouse W H D, . 1999. The Odyssey of Homer. New York: Signet Classic.

Harvard

Homer, Rouse W. H. D., . (1999). The Odyssey of Homer. New York: Signet Classic.

MLA

Homer, Rouse W H D, . The Odyssey of Homer. New York: Signet Classic. 1999.

  • Place hold
  • Print
  • Cite
  • Add to your cart (remove)
  • Save record
    BIBTEX Dublin Core MARCXML MARC (non-Unicode/MARC-8) MARC (Unicode/UTF-8) MARC (Unicode/UTF-8, Standard) MODS (XML) RIS
  • More searches
    Search for this title in:
    Other Libraries (WorldCat) Other Databases (Google Scholar) Online Stores (Bookfinder.com) Open Library (openlibrary.org)

Exporting to Dublin Core...

SOUTHVILLE LIBRARY

Southville International School and Colleges Library

1281 Tropical Ave. Cor. Luxembourg St., BF Homes International, Las Pinas City

Tel. No. 8256374 / 252358 Loc. 117/146

Powered by Koha